000 00451nam a2200157 i 4500
001 74568
003 ES-MaACL
005 20230906172155.0
007 t|
008 040920s1962 sp ||||1| spa d
100 1 _aGonzález López, Luis.
_958765
245 1 3 _aEl hermano Mariano
_b: novela /
_cLuis González López.
260 _aJaén :
_b[s.n.,
_c1962] (
_fImp. Diario Jaen)
300 _a251 p. ;
_c21 cm.
852 _aES-MaACL
_jC-21418
_bR.49828
999 _c74568
_d74568